[Event "Kathmandu op"]
[Site "Kathmandu"]
[Date "2018.04.13"]
[Round "2"]
[White "Lama, Suman"]
[Black "Gusain, Himal"]
[Result "0-1"]
[WhiteElo "1900"]
[BlackElo "2413"]
[PlyCount "62"]
[EventDate "2018.04.13"]
[EventType "swiss"]
[EventRounds "9"]
[EventCountry "NEP"]
[SourceTitle "CBM 183 Extra"]
[Source "ChessBase"]
[SourceDate "2018.04.19"]
[SourceVersion "1"]
[SourceVersionDate "2018.04.19"]
[SourceQuality "1"]

1. d4 d5 2. Nf3 e6 3. Bf4 Nf6 4. e3 Bd6 5. Bg5 Nbd7 6. Bd3 c5 7. c3 Qb6 8. Qe2 c4 9. Bxc4 dxc4 10. 0-0 Qc7 11. e4 h6 12. Bxf6 gxf6 13. Nbd2 Nb6 14. b3 cxb3 15. c4 b2 16. Rab1 Na4 17. Qd3 b6 18. e5 fxe5 19. c5 bxc5 20. dxe5 Be7 21. Qe4 Nb6 22. Rxb2 Bb7 23. Qc2 Rd8 24. Ne4 Rg8 25. Re1 Qd7 26. Rb3 c4 27. Rc3 Bxe4 28. Qxe4 Bb4 29. Rce3 Bxe1 30. Rxe1 Qd3 31. Qc6+ Rd7 0-1